The scarlet professor

Bibliographic Details
Main Author: Werth, Barry
Format: Book
Published: New York : Doubleday , 2001
Subjects:

MARC

LEADER 00000cam a2200000 7i4500
001 0000055708
005 20020603.0
020 |a 0385494688 
090 0 0 |a 810.9   |b WER 
100 1 |a Werth, Barry 
245 1 4 |a The scarlet professor   |c Barry Werth 
260 |a New York :   |b Doubleday ,   |c 2001 
300 |a 325p. ;   |c 24cm. 
650 0 0 |a American literature   |x History and criticism   |x Theory, etc. 
650 0 0 |a Biographers   |z United States   |x Biography 
650 0 0 |a English teacherszUnited States   |x Biography 
650 0 0 |a Gay men   |z United States   |x Biography 
999 |a 134701   |b BUKU   |c RUJUKAN   |e PERPUSTAKAAN KOMUNITI PETALING JAYA